| 000 | 00656nam a22001937a 4500 | ||
|---|---|---|---|
| 999 |
_c15209 _d15209 |
||
| 003 | OSt | ||
| 082 | _2631.587 HEM/CO | ||
| 088 | _aP 101 | ||
| 100 |
_aHEMA R _92775 |
||
| 245 | _aConstant head permeameter formula dependence on the alpha parameter | ||
| 260 |
_aTavanur 2000 _bKelappaji College of Agricultural Engineering and Technology |
||
| 300 | _a49 | ||
| 500 | _aConstant head permeameter formula dependence on the alpha parameter | ||
| 520 | _aConstant head permeameter formula dependence on the alpha parameter | ||
| 700 |
_aManoj Kurian _92776 |
||
| 700 |
_aRaneesh K. Y _92777 |
||
| 700 |
_aEr. V. M Abdul Hakkim (Guide) _92752 |
||
| 942 | _cPR | ||